Normal view
MARC view
- Meredith, Jack R., Mantel Jr., Samuel J
Entry Personal Name
001 - CONTROL NUMBER
- control field: 133298
003 - CONTROL NUMBER IDENTIFIER
- control field: NUST
005 - DATE AND TIME OF LATEST TRANSACTION
- control field: 20260217123153.0
008 - FIXED-LENGTH DATA ELEMENTS
- fixed length control field: 260217|| aca||aabn | a|a d
040 ## - CATALOGING SOURCE
- Original cataloging agency: NUST
- Transcribing agency: NUST
100 ## - HEADING--PERSONAL NAME
- Personal name: Meredith, Jack R., Mantel Jr., Samuel J
670 ## - SOURCE DATA FOUND
- Source citation: Work cat.: (NUST): Meredith, Jack R., Mantel Jr., Samuel J., Project Management: A Managerial Approach /, 2008.
